| 000 | 01131nam0a22002531 4500 | ||
|---|---|---|---|
| 001 | rc\611747 | ||
| 005 | 20260407130445.0 | ||
| 035 | _a(NLR Aleph) 005855361 | ||
| 090 |
_a5822022 _c5822022 |
||
| 100 | _a20031121d1986 |||y0rusy50 ca | ||
| 101 | 0 | _arus | |
| 102 | _aRU | ||
| 105 | _ay ||||||||| | ||
| 200 | 1 |
_aСовершенствование изучения и внедрения передового педагогического опыта в системе профтехобразования _eМатериалы науч.-практ. семинара, провед. в апр. 1985 г. в г. Москва _f[Отв. ред. Г.И. Ажикин] |
|
| 210 |
_aМ. _cБ. и. _d1986 |
||
| 215 |
_a102 с. _d21 |
||
| 300 | _aВ надзаг.: Пед. о-во РСФСР, Центр. совет | ||
| 702 | 1 |
_aАжикин _bГ.И. _gГеоргий Иванович _4340 |
|
| 712 | 0 | 2 |
_aПедагогическое общество РСФСР _bЦентральный совет _3RU\NLR\AUTH\889977651 _9452007 |
| 801 | 0 |
_aRU _bNLR _gpsbo |
|
| 801 | 1 |
_aRU _bELAR _2rusmarc |
|
| 852 |
_aNLR _j86-3/9861 |
||
| 942 | _cBOOK | ||
| 980 | _aNB | ||